000 00564nam a2200205Ia 4500
005 20250508165543.0
008 008 250505s9999 xx 000 0 hin d
020 _a978-93-85054-17-4
037 _aTextual
040 _aFEDL
_beng
_cFEDL
041 _ahin
_2eng
084 _a301, BAT
_qFEDL
100 _aBatmore T B
_9781153
245 0 _aSamajshastra: Samsyaon aur sahitya ka adhyayan
260 _aNew Delhi, India
_bGranth Shilpi
_c2004
300 _a362p.
365 _aINR
_b475
942 _cTEXL
_h301, BAT
999 _c1395827
_d1395827